Poems from Iqbal : (Record no. 8595)
[ view plain ]
| 000 -LEADER | |
|---|---|
| fixed length control field | 01200cam a2200325 a 4500 |
| 001 - CONTROL NUMBER | |
| JCCL Control Number | 8595 |
| 003 - CONTROL NUMBER IDENTIFIER | |
| JCCL marc code | BD-JhCC |
| 005 - DATE AND TIME OF LATEST TRANSACTION | |
| control field | 20180227195040.0 |
| 008 - FIXED-LENGTH DATA ELEMENTS--GENERAL INFORMATION | |
| fixed length control field | 050419s2004 nyu b 000 0 eng |
| 020 ## - INTERNATIONAL STANDARD BOOK NUMBER | |
| International Standard Book Number | 0195799747 |
| 035 ## - SYSTEM CONTROL NUMBER | |
| system control number | (BD-JhCC)8595 |
| 040 ## - CATALOGING SOURCE | |
| Original cataloging agency | UKM |
| Transcribing agency | UKM |
| Modifying agency | NTE |
| -- | DLC |
| -- | BD-JhCC |
| 041 1# - LANGUAGE CODE | |
| Language code of Book | eng |
| -- | urd |
| Language code of original and/or intermediate translations of text | urd |
| 050 00 - LIBRARY OF CONGRESS CALL NUMBER | |
| Classification number | PK2199.I65 |
| Item number | A24 2004 |
| 082 04 - DEWEY DECIMAL CLASSIFICATION NUMBER | |
| Classification number | 891.4'3915 |
| DDC Edition number | 22 |
| Author mark and Year | IQB 2004 |
| 100 1# - MAIN ENTRY--PERSONAL NAME | |
| Personal name | Iqbal, Muhammad, |
| Titles and other words associated with a name | Sir, |
| Dates associated with a name | 1877-1938. |
| 240 10 - UNIFORM TITLE | |
| Uniform title | Poems |
| 245 10 - TITLE STATEMENT | |
| Title | Poems from Iqbal : |
| Remainder of title | renderings in English verse with comparative Urdu text / |
| Statement of responsibility, etc | translated by V.G. Kiernan. |
| 250 ## - EDITION STATEMENT | |
| Edition statement | 2004 ed. |
| 260 ## - PUBLICATION, DISTRIBUTION, ETC. (IMPRINT) | |
| Place of publication, distribution, etc | Oxford ; |
| -- | New York : |
| Name of publisher, distributor, etc | Oxford University Press, |
| Date of publication, distribution, etc | 2004. |
| 300 ## - PHYSICAL DESCRIPTION | |
| Pagination | 292 p. ; |
| Dimensions | 22 cm. |
| 500 ## - GENERAL NOTE | |
| General note | Originally published: 1995. |
| 504 ## - BIBLIOGRAPHY, ETC. NOTE | |
| Bibliography, etc | Includes bibliographical references (p. [283]-292). |
| 650 #0 - SUBJECT ADDED ENTRY--TOPICAL TERM | |
| Topical term or geographic name as entry element | Urdu poetry |
| Form subdivision | Translations into English. |
| 700 1# - ADDED ENTRY--PERSONAL NAME | |
| Personal name | Kiernan, V. G. |
| Fuller form of name | (Victor Gordon), |
| Dates associated with a name | 1913-2009. |
| 856 42 - ELECTRONIC LOCATION AND ACCESS | |
| Materials specified | Publisher description |
| Uniform Resource Identifier | http://www.loc.gov/catdir/enhancements/fy0626/2005274165-d.html |
| 856 42 - ELECTRONIC LOCATION AND ACCESS | |
| Materials specified | Contributor biographical information |
| Uniform Resource Identifier | http://www.loc.gov/catdir/enhancements/fy0725/2005274165-b.html |
| 942 ## - ADDED ENTRY ELEMENTS (KOHA) | |
| Source of classification or shelving scheme | Dewey Decimal Classification |
| Koha item type | Books |
| Source of classification or shelving scheme | Damaged status | Not for loan | Home library | Current library | Shelving location | Total Checkouts | Full call number | Barcode | Date last seen | Copy number | Koha item type |
|---|---|---|---|---|---|---|---|---|---|---|---|
| Dewey Decimal Classification | JCC Rouf Library | JCC Rouf Library | General Stacks | 891.4'3915 IQB 2004 | 8599 | 02/27/2018 | C - 1 | Books |